000 00215 a2200109 4500
020 _a9788427203860
041 _aspa
100 _aRussell, Rachel Renee
245 _aDiario de Nickki 5
942 _cBK
952 _74
999 _c25268
_d25268